000 00979nas a2200301 4500
001 BR2013010888
003 BR-BrBNA
005 20231205123536.0
007 ta
008 230509b bl.|||p| |||| 00| 00por d
040 _aBR-BrBNA
_bpor
_cBiblioteca Nacional de Agricultura
041 _a(En)
072 _aF61; P33; P34
100 1 _aChatzistathis, T.
100 1 _aOrfanoudakis, M.
100 1 _aAlifragis, D.
100 1 _aTherios, I.
245 1 _aColonization of Greek olive cultivars`root system by arbuscular mycorrhiza fungus: root morphology, growth, and mineral nutrition of olive plants
650 _aAZEITONA
650 _aOLEA EUROPAEA
650 _aMICORRIZA VESICULAR ARBUSCULAR
650 _aFUNGO
650 _aNUTRIENTE MINERAL
650 _aQUÍMICA DO SOLO
773 0 _tScientia Agrícola (Brazil)
_xISSN 0103-9016
_g(May-Jun 2013), v. 70(3) p. 185-194
_wBR2013010888
909 _a202311
_bLúcia
_c55
_dLúcia Elande
942 _2AGRIS
_n0
_cANA
999 _c234424
_d234424